| 000 | 00412 a2200145 4500 | ||
|---|---|---|---|
| 003 | NUST | ||
| 005 | 20250114125006.0 | ||
| 008 | 230302b ||||| |||| 00| 0 eng d | ||
| 082 | _a297,THA | ||
| 100 |
_aThanvi, Maulana Ashraf Ali _950902 |
||
| 245 |
_aBahishti Zewar / _cMaulana Ashraf Ali Thanvi |
||
| 260 |
_aLahore, Pakistan _bIslam Book Depu _c2014 |
||
| 300 | _a640p. | ||
| 942 |
_aNUST-CAE _cBK _2ddc _k297.THA |
||
| 999 |
_c385681 _d385681 |
||